Statistics for Dates in History

Click here to take the quiz!

General Stats

  • This quiz has been taken 3,539 times
    (3,538 since last reset)
  • The average score is 19 of 26

Answer Stats

EventDate% Correct
Start of WWII1939
98%
End of WWII1945
98%
End of WWI1918
97%
Start of WWI1914
97%
9/11 - Twin Towers Attacked2001
96%
Collapse of the Berlin Wall1989
91%
Year the Titanic Sank1912
90%
Hitler comes to power1933
89%
Declaration of American Independence1776
81%
Battle of Waterloo1815
78%
Battle of Hastings1066
78%
Invasion of Iraq2003
77%
Columbus discovers 'The Americas'1492
73%
Falklands War1982
72%
Australia gains independence from Great Britain | Queen Victoria Died1901
69%
India gains independence from Great Britain1947
68%
Wright Brothers invent the airplane1903
67%
7/7 - London Terrorist Attacks2005
66%
Vietnam War Begins1959
61%
Fifth and current French Republic introduced1958
53%
Year the Magna Carta was signed1215
50%
Battle of Trafalgar1805
49%
Ireland gains independence from Great Britain1921/22
45%
New Zealand gains independence from Great Britain1907
29%
USA purchases Alaska1867
25%

Score Distribution

Percentile by Number Answered

Percent of People with Each Score

Your Score History

You have not taken this quiz since the last reset